Die 106 häufigsten ♂ ♀ Vornamen in Baden-Württemberg - Statistiken

Allgemein
  • Dieses Quiz wurde 87 mal gespielt
  • Das Durchschnittsergebnis liegt bei 46 aus 108
Antwortstatistiken
♂ /♀ Vorname % Korrekt
Jungen - - > | Mädchen - - > ⤵️
100%
L3 Leo
91%
L4 Leon
91%
L4 Lena
81%
L3 Lia
81%
A4 Anna
77%
E4 Emil
77%
L3 Lea
77%
M3 Max
77%
B3 Ben
75%
M3 Mia
75%
E4 Emma
73%
P4 Paul
73%
L5 Lukas
69%
H6 Hannah
67%
M5 Marie
67%
L4 Luca
66%
S6 Sophie
64%
F4 Finn
63%
J4 Jona
63%
L4 Lara
63%
L4 Lina
63%
S5 Sarah
63%
N4 Noah
61%
M5 Maria
59%
M10 Maximilian
59%
P5 Paula
58%
S6 Sophia
58%
L6 Leonie
56%
M4 Mara
56%
I3 Ida
55%
E6 Emilia
53%
L5 Laura
53%
E4 Ella
52%
J5 Jonas
52%
A5 Anton
50%
C9 Charlotte
50%
E5 Elisa
50%
J7 Johanna
50%
A9 Alexander
48%
F5 Felix
48%
M4 Mila
48%
A6 Amelie
47%
E5 Emily
47%
L4 Liam
47%
T4 Theo
47%
L5 Louis
45%
L5 Luisa
45%
A5 Aaron
44%
D5 David
44%
M6 Matteo
44%
Z3 Zoe
44%
E5 Elias
42%
L4 Lars
42%
J5 Jakob
41%
C5 Clara
39%
H6 Hannes
39%
J6 Julian
38%
L4 Luna
38%
L4 Leni
36%
M4 Maja
36%
N4 Nico
36%
N4 Nora
36%
O5 Oskar
34%
E3 Eva
33%
L5 Lotta
33%
M6 Moritz
33%
N4 Nele
33%
O6 Olivia
33%
M4 Mira
31%
S6 Samuel
31%
J8 Jonathan
30%
P7 Philipp
30%
T4 Thea
30%
E4 Erik
28%
F6 Frieda
28%
L3 Lio
28%
L4 Levi
27%
M8 Mathilda
27%
A6 Amalia
25%
H5 Henry
25%
L5 Lilly
25%
J6 Jannis
23%
L5 Linus
23%
M5 Malia
23%
M8 Mohammed
23%
R7 Raphael
23%
M5 Milan
22%
C5 Carlo
20%
M4 Mats
20%
M4 Milo
20%
D3 Dea
19%
E6 Emilio
19%
J4 Juna
19%
M6 Melina
19%
T4 Toni
19%
E5 Elina
17%
A6 Adrian
16%
G7 Gabriel
16%
L5 Leano
14%
R4 Romy
14%
M5 Malea
9%
M5 Malik
5%
L5 Lorik
2%
D5 Diego
0%
E5 Esila
0%
G5 Gioia
0%
Keine übereinstimmenden Quizze gefunden
Verteilung der Resultate
Anzahl Personen mit jedem Resultat
Perzentil nach korrekt beantworteten Fragen
Ihre Resultats-Entwicklung
Sie haben dieses Quiz noch nicht gespielt